000 00210nam a22000857a 4500
008 161210b xxu||||| |||| 00| 0 eng d
100 _91992
_aCBSE
245 _aMathematics-XII-S.P.
260 _aNew Delhi
_bB.B.P.
_c2011
999 _c4808
_d4808